00606nam a2200169Ia 4500008004100000041000800041082001300049100002700062245009300089250000600182260004600188300001000234440000600244650002600250999001900276952014100295210716s2014 xx 000 0 und d aeng a004 PANP aPanda, Pramod Prakash. aFoundation program: design and analysis of algorithmsbDesign and analysis of algorithms a1 aBangalorebInfosys Technologies Ltdc2014 avi,44 v3 aComputer Fundamentals c194877d194877 00102ddc40738MCAaAIMITbAIMITeInfosys Technologies Ltdg158.33l0o004 PANPpMCA14385r2025-07-21 00:00:00v158.33w2021-07-16yBK